000 00619nam a2200241Ia 4500
003 OSt
005 20220916111115.0
006 a|||||r|||| 00| 0
007 ta
008 220915b |||||||| |||| 00| 0 eng d
024 _a251721
037 _cTextbook
040 _beng
_aARTS
_cARTS
041 _aeng
082 _aV5,4(W691), L7
100 _aZagladin Professor V
245 0 _aEurope and the communists
260 _aMoscow
_bProgress Publishers
300 _a197p
_ccm.
650 _aHISTORY
942 _hV5,4(W691), L7
_cTB
_2CC
999 _c105640
_d105640